Rise and fall of Human civilisation / (Record no. 123018)

MARC details
000 -LEADER
fixed length control field 00652nam a22002297a 4500
005 - DATE AND TIME OF LATEST TRANSACTION
control field 20170124105919.0
010 ## - LIBRARY OF CONGRESS CONTROL NUMBER
LC control number A-751644
020 ## - INTERNATIONAL STANDARD BOOK NUMBER
Terms of availability 300.00
International Standard Book Number 8186504001
035 ## - SYSTEM CONTROL NUMBER
System control number A-751644
037 ## - SOURCE OF ACQUISITION
Source of stock number/acquisition Cen Lib/Ret
040 ## - CATALOGING SOURCE
Original cataloging agency DPL
Language of cataloging EN
082 ## - DEWEY DECIMAL CLASSIFICATION NUMBER
Classification number 306
Item number SEH
100 ## - MAIN ENTRY--PERSONAL NAME
Personal name Sehgal S.D.
9 (RLIN) 3676
245 ## - TITLE STATEMENT
Title Rise and fall of Human civilisation /
Statement of responsibility, etc by S.D. Sehgal
260 ## - PUBLICATION, DISTRIBUTION, ETC. (IMPRINT)
Place of publication, distribution, etc Delhi
Name of publisher, distributor, etc H.K. Books
Date of publication, distribution, etc 1995
270 ## - ADDRESS
Address B-887,MIG Flats Loni Road
City Delhi
Postal code 110093
300 ## - PHYSICAL DESCRIPTION
Extent 288p.
Dimensions 20cm (Hb)
500 ## - GENERAL NOTE
General note Includes index
650 ## - SUBJECT ADDED ENTRY--TOPICAL TERM
Topical term or geographic name as entry element Human civilisation
9 (RLIN) 3677
650 ## - SUBJECT ADDED ENTRY--TOPICAL TERM
Topical term or geographic name as entry element Human development
9 (RLIN) 3678
942 ## - ADDED ENTRY ELEMENTS (KOHA)
Source of classification or shelving scheme Dewey Decimal Classification
Koha item type English Books
Classification part 306
Call number suffix SEH
Holdings
Withdrawn status Lost status Damaged status Not for loan Home library Current library Date acquired Source of acquisition Cost, normal purchase price Total Checkouts Full call number Barcode Date last seen Copy number Cost, replacement price Price effective from Koha item type
        Central Library Central Library 01/06/2015 Cen Lib/Ret 300.00   306 SEH A-751644 01/06/2015 1 300.00 01/06/2015 English Books

© Delhi Public Library
Hit Counter
free hit counter